Kraje wydobywające najwięcej złota - Statystyki

Ogólne statystyki
  • Ten quiz został rozwiązany 202 razy
    167 od ostatniego zresetowania
  • Średni wynik to 6 z 10
Statystyki odpowiedzi
Tony rocznie Kraj % Poprawnych
230 Stany Zjednoczone
99%
205 Rosja
96%
403 Chiny
94%
102 Kanada
87%
250 Australia
79%
170 Republika Południowej Afryki
74%
95 Indonezja
49%
165 Peru
35%
89 Ghana
13%
90 Uzbekistan
7%
Nie znaleziono quizów pasujących do podanych kryteriów
Rozkład punktacji
Procent ludzi z każdym wynikiem
Percentyl według liczby udzielonych odpowiedzi
Twoja historia wyników
Nie rozwiązałeś tego quizu od ostatniego zresetowania